America's Next Top Model - Winners of Each Cycle - Statistics

General Stats
  • This quiz has been taken 42 times
    41 since last reset
  • The average score is 21 of 24
Answer Stats
Hint ANTM % Correct
Cycle 6 Danielle Evans
100%
Cycle 3 Eva Pigford
100%
Cycle 13 Nicole Fox
100%
Cycle 5 Nicole Linkletter
100%
Cycle 1 Adrianne Curry
97%
Cycle 7 CariDee English
97%
Cycle 2 Yoanna House
97%
Cycle 15 Ann Ward
94%
Cycle 8 Jaslene Gonzalez
94%
Cycle 4 Naima Mora
94%
Cycle 9 Saleisha Stowers
94%
Cycle 17 Lisa D'Amato
91%
Cycle 10 Whitney Thompson
91%
Cycle 16 Brittani Kline
88%
Cycle 11 Brittany "McKey" Sullivan
88%
Cycle 12 Teyona Anderson
88%
Cycle 20 Jourdan Miller
85%
Cycle 21 Keith Carlos
85%
Cycle 14 Krista White
79%
Cycle 22 Nyle DiMarco
79%
Cycle 18 Sophie Sumner
79%
Cycle 19 Laura James
73%
Cycle 23 India Gants
64%
Cycle 24 Kyla Coleman
58%
No matching quizzes found
Score Distribution
Percent of People with Each Score
Percentile by Number Answered
Your Score History
You have not taken this quiz since the last reset